000
00305nam a22001217a 4500
008
140702b xxu||||| |||| 00| 0 eng d
020
_a
971-642-070-6
050
_a
DS
100
_a
Zaide, Gregorio F.
245
_a
Rizal
_b
life and works.
300
_a
includes index and bibliography
942
_2
lcc
_c
BK
999
_c
182608
_d
182608